000 00938nam a22003257a 4500
001 241522
003 DO-SdBNP
005 20180222110136.0
007 241522
008 850210s1983 sp a 000 spa
016 7 _a
_z
_2BPMSU
017 _a
_b
020 _a8471766094
035 _a
040 _aBPMSU
_bspa
_cBPMSU
_e
041 1 _aspa
_h
080 0 _a
100 1 _aMontgomery, R. A.
240 1 0 _aSpace and beyond
_lEspañol
245 1 0 _aMás allá del espacio /
_cR.A. Montgomery ; traducción Carles Alier i Aixalá ; ilustraciones Paul Granger
260 _aBarcelona :
_bTimun Mas,
_c1983.
300 _a117 p. :
_bil.;
_c20 cm,
490 1 _aElige tu propia aventura
_v9
700 1 2 _aGranger, Paul,
_eil.
700 1 2 _aAlier i Aizalá, Carles
_etrad.
830 0 _v9
_aElige tu propia aventura
942 _2ddc
_cBK
945 _aInventariado, 2018/ YL
956 _aVMATEO
_210
_320151123
_6BPMSU
_800151
999 _c8865
_d8865